| 000 | 00658nam a2200193 i 4500 | ||
|---|---|---|---|
| 001 | 172471 | ||
| 003 | ES-MaACL | ||
| 005 | 20250907063129.0 | ||
| 008 | 090708s1987 fr |||| | fre d | ||
| 020 | _a2-258-02035-2 | ||
| 080 | _a929 López, Francis | ||
| 100 | 1 |
_aLópez, Francis, _d1916-1995 _9141010 |
|
| 245 | 1 | 0 |
_aFlamenco _b: la gloire et les larmes / _cFrancis Lopez. |
| 260 |
_aParis : _bPresses de la Cité, _c1987. |
||
| 300 |
_a250 p., [24] p. de lám. ; _c23 cm. |
||
| 600 | 1 | 7 |
_aLópez, Francis, _d1916-1995 _2 _9141010 |
| 852 |
_aES-MaACL _jE-12783 _9R.139417 _z.- Biblioteca Jacinto Martínez Lacalle |
||
| 999 |
_c172471 _d172471 |
||